| 000 | 01309cam a2200361 i 4500 | ||
|---|---|---|---|
| 001 | 3014387 | ||
| 003 | EG-ScBUE | ||
| 005 | 20240404125921.0 | ||
| 008 | 940516t1994 nyuab f 001 0 eng d | ||
| 020 | _a0312113781 | ||
| 020 | _a9780312113780 | ||
| 040 |
_aDLC _beng _erda _cDLC _dDLC _dEG-ScBUE |
||
| 043 | _ae-bn--- | ||
| 082 | 0 | 4 |
_a949.7024 _222 _bVUL |
| 100 | 1 |
_aVulliamy, Ed, _eauthor. |
|
| 245 | 1 | 0 |
_aSeasons in Hell : _bunderstanding Bosnia's War / _cEd Vulliamy. |
| 250 | _aFirst U.S. edition. | ||
| 264 | 1 |
_aNew York, N.Y. : _bSt. Martin's Press, _c[1994] |
|
| 264 | 4 | _cc1994 | |
| 300 |
_axiv, 370 pages : _billustrations, maps ; _c22 cm |
||
| 336 |
_2rdacontent _atext _btxt |
||
| 337 |
_aunmediated _2rdamedia _bn |
||
| 338 |
_avolume _bnc _2rdacarrier |
||
| 500 | _aIncludes index. | ||
| 500 | _a"A Thomas Dunne book." | ||
| 500 | _a"First published in Great Britain by Simon & Schuster Ltd."--T.p. verso. | ||
| 650 | 7 |
_aYugoslav War, 1991-1995 _zBosnia and Hercegovina. _2BUEsh |
|
| 650 | 7 |
_aYugoslav War, 1991-1995 _xPersonal narratives. _2BUEsh |
|
| 651 | 7 |
_aBosnia and Hercegovina _xHistory, Military. _2BUEsh |
|
| 655 | _vReading book | ||
| 942 |
_2ddc _cBB |
||
| 999 |
_c10663 _d10663 |
||